Diplomatari de la Vall d'Andorra segle XV / Susanna Vela Palomares
Publicado:
Andorra :
Govern d'Andorra, Ministeri de Turisme i Cultura, Arxiu Històric Nacional ,
2002
Descripción Física:
525 p : il. ; 24 cm
MARC
| LEADER | 00000nam a2200000Ia 4500 | ||
|---|---|---|---|
| 001 | 14008 | ||
| 003 | BGR | ||
| 005 | 20260324175712.0 | ||
| 008 | 160829s2002 xx 000 0 cat d | ||
| 080 | |a A-2-143 | ||
| 100 | |a Vela Palomares, Susanna |9 38427 | ||
| 245 | |a Diplomatari de la Vall d'Andorra segle XV / Susanna Vela Palomares | ||
| 260 | |a Andorra : |b Govern d'Andorra, Ministeri de Turisme i Cultura, Arxiu Històric Nacional, |c 2002 | ||
| 300 | |a 525 p : |b il. ; |c 24 cm | ||
| 590 | |a Índexs. | ||
| 590 | |a Bibliografia | ||
| 650 | |a Documents públics |x Andorra |x S. XV |9 38428 | ||
| 650 | |a Andorra |x Història |x S. XV |x Fonts |9 38429 | ||
| 710 | 1 | |a Andorra. |b Ministeri de Turisme i Cultura |9 56057 | |
| 710 | 1 | |a Arxiu Nacional d'Andorra |9 70452 | |
| 866 | |a 4 | ||
| 901 | |a Arxiu | ||
| 942 | |n 1 |2 udc |c MON | ||
| 952 | |0 0 |1 0 |4 0 |6 A2143 |7 1 |9 48415 |a Arxiu |b Arxiu |d 2016-12-01 |l 0 |o A-2-143 |p 14008 |r 2016-12-01 00:00:00 |w 2016-12-01 |y ARXIU | ||
| 999 | |c 52243 |d 52243 | ||